Define Avı-Rafadan Tayfa 3 (Record no. 984050)

MARC details
000 -LEADER
sabit uzunluktaki kontrol alanı 00249nam a2200097Ia 4500
001 - KONTROL NUMARASI
kontrol alanı 984050
005 - EN SON İŞLEMİN TARİH VE ZAMANI
kontrol alanı 20250826221017.0
008 - SABİT-UZUNLUKTA VERİ ÖĞELERİ--GENEL BİLGİ
sabit uzunluktaki kontrol alanı 250824s9999 xx 000 0 und d
245 #0 - ESER / YAZAR
ESER ADI Define Avı-Rafadan Tayfa 3
Yazar Adı anonim
260 ## - YAYIN, DAĞITIM, VB.
YAYIN EVİ ERDEM ÇOCUK YAYINLARI
Holdings
Düşüm durumu Kayıp durumu Sınıflandırma Kaynağı veya raf şeması Hasar Durumu Ödünç verilmez Ana kütüphane Geçerli Kütüphane Edinilen tarih Toplam ödünç verme sayısı Tam yer numarası Barkod İade tarihi Son görüntüleme tarihi Son ödünç verme tarihi Fiyatın geçerli olmaya başladığı tarih Koha materyal türü
    Dewey Ondalık Sınıflama     SELÇUKLU BELEDİYESİ ORTAOKULU SELÇUKLU BELEDİYESİ ORTAOKULU 24.08.2025 3 15 105810278 12.05.2026 27.04.2026 27.04.2026 26.08.2025 Books